000 00424nmm a2200157Ia 4500
008 251105s9999||||xx |||||||||||||||||und||
041 _aspa
100 _aKaye, Laura
245 0 _aAmor a plena luz
264 _a[Madrid, España] :
_bLibros de Seda,
_c2016
300 _a0 páginas
490 _aCorazones en la oscuridad
650 _aRomance
856 _uhttps://public.digitaliapublishing.com/a/88087
942 _cCF
999 _c98922
_d98922